000 00497nam a22001817a 4500
003 OSt
008 260422b |||||||| |||| 00| 0 eng d
082 _a635.4
_bS66S
100 _aSrivastava, Pramod Kumar.
245 _aStudies on Variability in Parwal (Trichosanthes dioica Roxb)
260 _a.- Sabour, Bhagalpur
_b: Bihar Agricultural College, RAU
_c, 1977
300 _a60p.
502 _bM.Sc.
_d1977
650 _aHorticulture
650 _aParwal
650 _aM.Sc.
942 _2ddc
_cT
999 _c50102
_d50102